000 00571nam a2200241Ia 4500
003 OSt
005 20221007082615.0
006 a|||||r|||| 00| 0
007 ta
008 221006b |||||||| |||| 00| 0 eng d
024 _a4,461
037 _cTextual
040 _aFLL
_cFLL
_beng
041 _2eng
_aeng
082 _aZ,91, P1
100 _aAggarwal Nomita
_9424905
245 0 _aJurisprudence
260 _c2001
300 _a335p
_ccm.
650 _aJurisprudence
942 _hZ,91, P1
_cTEXL
_2CC
999 _c1167043
_d1167043